Les origines du culte des Saints dans l'Eglise Chrétienne / (Record no. 94913)

MARC details
000 -LEADER
campo de control de longitud fija 00645nam a2200193 i 4500
001 - NÚMERO DE CONTROL
campo de control 94913
003 - IDENTIFICADOR DE NÚMERO DE CONTROL
campo de control ES-MaACL
005 - FECHA Y HORA DE LA ÚLTIMA TRANSACCIÓN
campo de control 20230906181601.0
007 - CAMPO FIJO DE DESCRIPCIÓN FÍSICA--INFORMACIÓN GENERAL
campo de control de longitud fija t|
008 - DATOS DE LONGITUD FIJA--INFORMACIÓN GENERAL
campo de control de longitud fija 050517s1908 fr ||||1| fre d
100 1# - ENTRADA PRINCIPAL--NOMBRE DE PERSONA
Nombre de persona Lucius, Ernest.
9 (RLIN) 74596
245 14 - MENCIÓN DEL TÍTULO
Título Les origines du culte des Saints dans l'Eglise Chrétienne /
Mención de responsabilidad, etc. par Ernest Lucius; public (en Allemand) par Gustave Anrich; traduit por E. Jeanmaire; preface de P. Lobstein.
260 ## - PUBLICACIÓN, DISTRIBUCIÓN, ETC.
Lugar de publicación, distribución, etc. Paris :
Nombre del editor, distribuidor, etc. [s.n.],
Fecha de publicación, distribución, etc. 1908.
300 ## - DESCRIPCIÓN FÍSICA
Extensión XV, 708 p. ;
Dimensiones 26 cm.
700 1# - ENTRADA AGREGADA--NOMBRE PERSONAL
Nombre de persona Anrich, Gustave.
9 (RLIN) 21821
700 1# - ENTRADA AGREGADA--NOMBRE PERSONAL
Nombre de persona Jeanmaire, E.
9 (RLIN) 66243
700 1# - ENTRADA AGREGADA--NOMBRE PERSONAL
Nombre de persona Lobstein, P.
9 (RLIN) 73034
852 ## - LOCALIZACIÓN
Ubicación ES-MaACL
Número de control de estantería F-9395
Holdings
Estatus retirado Estado de pérdida Estado de daño No para préstamo Biblioteca de origen Biblioteca actual Ubicación en estantería Fecha de adquisición Fuente de adquisición Total de préstamos Signatura topográfica completa Código de barras Visto por última vez Precio de reemplazo Tipo de ítem Koha
        Biblioteca del Ateneo de Madrid Biblioteca del Ateneo de Madrid Sala Pecera Planta 2 17/01/2008     F-9395 1099117 23/02/2023 23/02/2023 Libro impreso